| 000 | 00573nam a2200217 4500 | ||
|---|---|---|---|
| 003 | OSt | ||
| 005 | 20160414180907.0 | ||
| 008 | 160414b xxu||||| |||| 00| 0 eng d | ||
| 022 | _2070347808 | ||
| 040 | _c040a | ||
| 082 |
_a537 _bKIP 1962 |
||
| 100 |
_aKip, Arthur F _97980 |
||
| 245 |
_aFundamentals of electricity and magnetism / _cArthur F. Kip |
||
| 250 | _a2nd.ed | ||
| 260 |
_aNew York _bMcGraw-Hill _c1962 |
||
| 300 |
_axxiii, 630p; _bill : _c14 cm |
||
| 504 | _aIncludes index | ||
| 650 |
_aElectricity _91021 |
||
| 650 |
_aMagnetism _91022 |
||
| 942 |
_2ddc _cSLOAN |
||
| 999 |
_c3570 _d3570 |
||